000 00247nam a22001097a 4500
082 _a621.3193 STI'E
100 _aSTIERI, E
_959194
245 _aELECTRICITY IN THE HOME
260 _aNEWYORK
_bBARNES & NOBLE
_c1955
300 _a405P
942 _cBK
999 _c569229
_d569229